| 000 | 00925nam a2200241 a 4500 | ||
|---|---|---|---|
| 005 | 20200104041538.0 | ||
| 008 | 140122b2002 ck ||||| |||| 00| 0 spa d | ||
| 041 | _aspa | ||
| 044 | _ack | ||
| 090 |
_aIAvH _b00236 |
||
| 110 |
_bInstituto de Investigación de Recursos Biológicos Alexander von Humboldt _9204 |
||
| 245 | _aHerramientas e instrumentos de política para la gestión ambiental local y regional de los páramos | ||
| 260 |
_aVilla de Leyva (Boyacá) _bInstituto Alexander von Humboldt _c2002 |
||
| 300 | _a337 p. | ||
| 650 |
_aPáramos _927325 |
||
| 650 |
_aGestión ambiental _992206 |
||
| 650 |
_aPolítica ambiental _992286 |
||
| 650 |
_aManejo de ecosistemas _992251 |
||
| 662 |
_aColombia _cMacizo de Mamapacha _dChinavita, Garagoa _bBoyacá |
||
| 662 |
_aColombia _cPáramo de Bijagual _dCiénaga, Rondón _bBoyacá |
||
| 710 |
_a^aCorporación Autónoma Regional de Chivor _93944 |
||
| 942 |
_cCD-ROM _2z _02 |
||
| 999 |
_c3150 _d3150 |
||